MARC

LEADER 00000nam0a2200000 4500
001 120596
005 20231031125059.0
010 |a 5755501793 
035 |a (RuTPU)RU\TPU\book\130586 
090 |a 120596 
100 |a 20070901d1989 m y0rusy50 ca 
101 0 |a rus 
102 |a RU 
105 |a a z 001zy 
200 1 |a Художественная обработка камня  |f В. М. Заикин 
210 |a Сыктывкар  |c Коми книжное изд-во  |d 1989 
215 |a 72 с.  |c ил. 
320 |a Библиогр.: с. 67-68. 
610 1 |a камень 
610 1 |a камни 
610 1 |a художественная обработка 
610 1 |a минералы 
610 1 |a ювелирные изделия 
610 1 |a декоративные изделия 
675 |a 671  |v 3 
700 1 |a Заикин  |b В. М.  |g Виктор Михайлович 
801 1 |a RU  |b 63413507  |c 20070901  |g PSBO 
801 2 |a RU  |b 63413507  |c 20100407  |g PSBO 
900 |a Конструирование художественных изделий 
942 |c BK